| 000 | 00916nam a2200241 a 4500 | ||
|---|---|---|---|
| 999 |
_c3959 _d3959 |
||
| 001 | 3959 | ||
| 003 | BD-JhCC | ||
| 005 | 20171120090820.0 | ||
| 008 | 171120s1962 ii |||| ||a| 000 0 ben d | ||
| 035 | _a(BD-JhCC)3959 | ||
| 040 |
_aBD-JhCC _dBD-JhCC |
||
| 041 | _aben | ||
| 082 |
_a891.4415 _bMUK 1962 |
||
| 100 | _aমুকুন্দরাম- বিরচিত | ||
| 245 |
_aকবিকঙ্কণ-চণ্ডী / _cমুকুন্দরাম- বিরচিত |
||
| 260 |
_aকলিকাতা : _bকলিকাতা বিশ্ববিদ্যালয় প্রেস, _c1962 |
||
| 300 |
_a453 p. : _c21 cm. |
||
| 520 | _ahashmot | ||
| 650 | _aBengali Novel | ||
| 700 | _aবন্ধোপাধ্যায়, শ্রীকুমার সম্পাদিত | ||
| 700 | _aচৌধুরী, শ্রীবিশ্বপতি সম্পাদিত | ||
| 942 |
_2ddc _cBK |
||